| 000 | 00475nam a2200181Ia 4500 | ||
|---|---|---|---|
| 008 | 240925s9999 xx 000 0 und d | ||
| 020 | _a130255874 | ||
| 082 | _a621.31042 WIL | ||
| 100 | _aWildi, Theodore | ||
| 245 | 0 | _aElectrical machines drives and power systems | |
| 250 | _a4th | ||
| 260 |
_aNew Jersey: _bPrintice- Hall Int. _c,2000. |
||
| 300 |
_axxi,666p. _bNA _fPirated |
||
| 500 | _aNA | ||
| 600 | _aElectrical Engineering | ||
| 650 | _aTechnology | ||
| 942 | _cBK | ||
| 999 |
_c7111 _d7111 |
||